000 00786nam a2200193Ia 4500
008 151121s9999||||xx |||||||||||||| ||und||
082 _a920/ सरोदे
082 _bHNW-70627
100 _aसरोदे पीतांबर
245 _aडॉ। राम मनोहर लोहिया: एक झंझावात
260 _b"चेतश्री प्रकाशन, अंमळनेर"
260 _c--
300 _a62
600 _aसरोदे पीतांबर
630 _aडॉ। राम मनोहर लोहिया: एक झंझावात
700 _aसरोदे पीतांबर
730 _aडॉ। राम मनोहर लोहिया: एक झंझावात
942 _cBOOK
999 _c1252101
_d1252098